Texts adopted at the 3rd part of the 36th ordinary session of the parliamentary session of the parliamentary assembly January - February 1985
Guardado en:
| Formato: | Libro |
|---|---|
| Lenguaje: | inglés |
| Publicado: |
Strasbourg
Council of Europe
1985
|
| Etiquetas: |
Sin Etiquetas, Sea el primero en etiquetar este registro!
|
MARC
| LEADER | 00000nam a2200000 4500 | ||
|---|---|---|---|
| 001 | c108009 | ||
| 005 | 20041019155140.4 | ||
| 041 | 0 | |a eng | |
| 044 | |a FR | ||
| 245 | 1 | 0 | |a Texts adopted at the 3rd part of the 36th ordinary session of the parliamentary session of the parliamentary assembly |b January - February 1985 |
| 264 | 1 | |a Strasbourg |b Council of Europe |c 1985 | |
| 300 | |a Prer. s. | ||